000 00249nam a2200097Ia 4500
001 1219777
005 20250827092758.0
008 250824s9999 xx 000 0 und d
245 0 _aON KÜÇÜK ZENCİ
_cAGATHA CHİRİSTİE
260 _bALTIN KİTAPLAR
999 _c1219777
_d1219777